Statistics for Countries Visited By The Grateful Dead (Map)

Click here to take the quiz!

General Stats

  • This quiz has been taken 118 times
  • The average score is 11 of 13

Answers on the Map

Answers color-coded by a green-red scale on the quiz's map according to % correct below.
 

Answer Stats

Country% Correct
Germany
99%
Canada
98%
France
98%
UK
96%
USA
94%
Spain
93%
Belgium
81%
Netherlands
80%
Sweden
80%
Denmark
77%
Egypt
73%
Jamaica
43%
Luxembourg
43%

Score Distribution

Percentile by Number Answered

Percent of People with Each Score

Your Score History

You have not taken this quiz